000 01395nam a22003857a 4500
003 CHAP
005 20220329134832.0
008 971013s1994 r 00010 d
010 _a26695
011 _a27667
035 _a31768
040 _cCHAP
090 _aTesis
100 0 0 _aOjeda Jiménez, Francisco.
_982905
245 _aProcesamiento de limón mexicano (Citrus aurantifolia Swingle) en una agroindustria ubicada en Manzanillo, Colima
260 _aChapingo, Méx. :
_bEl autor,
_c1994
300 _a99 h.
_b: ilus.
_e+ 3 planos
502 _aTesis (Ing. Agroindustrial) -- UACH. Departamento de Ingeniería Agroindustrial
590 _aALEPH
_b10
_c20130110
_lUCH01
_h1249
590 _aBATCH-UPD
_b10
_c20130109
_lUCH01
_h2332
590 _aBATCH-UPD
_b10
_c20130110
_lUCH01
_h0217
590 _aBATCH-UPD
_b10
_c20130110
_lUCH01
_h2327
590 _aBATCH-UPD
_b10
_c20130409
_lUCH01
_h1858
590 _aBATCH-UPD
_b10
_c20130409
_lUCH01
_h2329
590 _aBATCH-UPD
_b10
_c20130410
_lUCH01
_h1617
590 _aBATCH-UPD
_b10
_c20130914
_lUCH01
_h1636
590 _aCONVERSION
_b10
_c20130109
_lUCH01
_h1315
650 1 4 _aIndustrias agrícolas
_xColima.
_957937
650 1 4 _aLimón
_xColima.
_966817
650 1 4 _aLimón
_xIndustria.
_966834
901 _aBK
942 _cFOLL
949 _bBC
_cTES
_d-73501
_eTS1
_h27359
_i31768
_si
949 _bBC
_cTES
_d-73504
_eTS2
_fc.2
_h27360
_i31768
_si
999 _c26695
_d26695